Pořádek Svaté Pašie, jako: I. v Květnou neděli, II. ve Veliký pátek v cirkvi evanjelické slovenské v Prešpurku každoročně před oltářem čtěna bývá (k Tranosciusu a Zpěvníku)

Bibliographic Details
Format: Book
Language:Czech
PhysicalDescription:64 s. 8°
Published: Liptovský Mikuláš Tranoscius 1936
Subjects:

MARC

LEADER 00000nam a2200000 a 4500
001 vtls008391620
003 SK-MaSNL
005 20260301051738.0
008 251124s1936 xo cze
015 |a SKSNBA19191938-009435 
035 |a SK01SNKBSKHR20010083837 
035 |a SKM000086300 
040 |a SNK  |b slo  |c SNK  |e AACR2 
041 1 |a cze 
044 |a xo 
080 |a 284  |2 1981 
245 1 0 |a Pořádek Svaté Pašie, jako: I. v Květnou neděli, II. ve Veliký pátek v cirkvi evanjelické slovenské v Prešpurku každoročně před oltářem čtěna bývá  |b (k Tranosciusu a Zpěvníku) 
260 |a Liptovský Mikuláš  |b Tranoscius  |c 1936  |e Liptovský Mikuláš  |f Bratia Rázusovci 
300 |a 64 s.  |c 8° 
650 0 7 |a pašie evanjelické  |2 SNK  |9 320512 
655 7 |a knihy  |2 SNKPH  |9 307098 
852 |a Slovenská národná knižnica v Martine  |b 10000  |h MS SD 3963/1 
852 |a Národní knihovna ČR Praha  |b 9090000  |h I 2196 
958 |a OND 
958 |a RK 
958 |a TL 
999 |c 604149  |d 606079 
952 |a SNK  |b SNK  |y VYP  |7 0  |p 17A0077122  |o snkSD 3963/1 D1  |i snkK 1645/62  |8 3  |3 rekatalogizácia  |0 0  |1 0  |4 0  |d 2007-02-21  |l 0  |r 2026-02-23 16:04:15  |w 2026-02-23